Ритмичность многолетних колебаний стока рек как интегральный показатель изменчивости климата (на примере Урала): монография

গ্রন্থ-পঞ্জীর বিবরন
প্রধান লেখক: Бубин М. Н. Михаил Николаевич
সংস্থা লেখক: Национальный исследовательский Томский политехнический университет (ТПУ) Юргинский технологический институт (филиал) (ЮТИ) Кафедра экономики и автоматизации систем управления (ЭАСУ)
অন্যান্য লেখক: Рассказова Н. С. Надежда Степановна
সংক্ষিপ্ত:Заглавие с титульного экрана
Электронная версия печатной публикации
Ритмика является основным показателем многолетних колебаний природных процессов во времени и пространстве. Ведущими ритмами, определяющими характер развития природных явлений, в том числе и климата на Земле, являются космические ритмы. Ритмы космоса регулируют все процессы развития Земли, они лежат в основе равновесия в природе, что приводит к необходимости их подробного изучения. Ритмичность многолетних колебаний стока рек является интегральным показателем изменчивости климата и показана авторами на примере годовых колебаний стока рек бассейна р. Тобол и сезонных колебаний стока Челябинской области. Монография предназначена для специалистов в области физической географии, гидрологии и экологии.
Режим доступа: из корпоративной сети ТПУ
ভাষা:রুশ
প্রকাশিত: Томск, Изд-во ТПУ, 2013
বিষয়গুলি:
অনলাইন ব্যবহার করুন:http://www.lib.tpu.ru/fulltext2/m/2013/m338.pdf
বিন্যাস: বৈদ্যুতিক গ্রন্থ
KOHA link:https://koha.lib.tpu.ru/cgi-bin/koha/opac-detail.pl?biblionumber=247033

MARC

LEADER 00000nlm0a2200000 4500
001 247033
005 20231101232250.0
035 |a (RuTPU)RU\TPU\book\268502 
090 |a 247033 
100 |a 20131212d2013 k y0rusy50 ca 
101 0 |a rus 
102 |a RU 
105 |a a z 001zy 
135 |a drgn ---uucaa 
181 0 |a i  
182 0 |a b 
200 1 |a Ритмичность многолетних колебаний стока рек как интегральный показатель изменчивости климата (на примере Урала)  |b Электронный ресурс  |e монография  |f М. Н. Бубин, Н. С. Рассказова  |g Национальный исследовательский Томский политехнический университет (ТПУ), Юргинский технологический институт (филиал) (ЮТИ), Кафедра экономики и автоматизации систем управления (ЭАСУ) 
203 |a Текст  |c электронный 
210 |a Томск  |c Изд-во ТПУ  |d 2013 
230 |a 1 компьютерный файл (pdf; 8.4 MB) 
300 |a Заглавие с титульного экрана 
300 |a Электронная версия печатной публикации 
330 |a Ритмика является основным показателем многолетних колебаний природных процессов во времени и пространстве. Ведущими ритмами, определяющими характер развития природных явлений, в том числе и климата на Земле, являются космические ритмы. Ритмы космоса регулируют все процессы развития Земли, они лежат в основе равновесия в природе, что приводит к необходимости их подробного изучения. Ритмичность многолетних колебаний стока рек является интегральным показателем изменчивости климата и показана авторами на примере годовых колебаний стока рек бассейна р. Тобол и сезонных колебаний стока Челябинской области. Монография предназначена для специалистов в области физической географии, гидрологии и экологии. 
333 |a Режим доступа: из корпоративной сети ТПУ 
337 |a Adobe Reader 
606 1 |a Речной сток  |x Колебания  |2 stltpush  |3 (RuTPU)RU\TPU\subj\25179  |9 49398 
610 1 |a электронный ресурс 
610 1 |a труды учёных ТПУ 
610 1 |a многолетние колебания 
610 1 |a стоки рек 
610 1 |a реки 
610 1 |a исследования 
610 1 |a внутривековые колебания 
610 1 |a годовые стоки 
610 1 |a Тобол 
610 1 |a Челябинская область 
610 1 |a ритмичность 
610 1 |a ритмы 
610 1 |a гидрография 
610 1 |a водный режим 
610 1 |a районирование 
610 1 |a интегральные показатели 
610 1 |a климат 
610 1 |a изменчивость 
675 |a 556.16(075.8)  |v 3 
700 1 |a Бубин  |b М. Н.  |c российский ученый, специалист в области стока рек  |c доцент Юргинского технологического института Томского политехнического университета, кандидат географических наук  |f 1976-  |g Михаил Николаевич  |2 stltpush  |3 (RuTPU)RU\TPU\pers\25119 
701 1 |a Рассказова  |b Н. С.  |g Надежда Степановна 
712 0 2 |a Национальный исследовательский Томский политехнический университет (ТПУ)  |b Юргинский технологический институт (филиал) (ЮТИ)  |b Кафедра экономики и автоматизации систем управления (ЭАСУ)  |h 360  |2 stltpush  |3 (RuTPU)RU\TPU\col\18900 
801 1 |a RU  |b 63413507  |c 20131212 
801 2 |a RU  |b 63413507  |c 20140327  |g RCR 
856 4 |u http://www.lib.tpu.ru/fulltext2/m/2013/m338.pdf 
942 |c CF